000 00875nam a22001815i 4500
001 152336
003 ES-MaACL
005 20230906204637.0
008 020215s1863 sp |||| | spa d
040 _aCAM
_bspa
_cCAM
100 1 _aBoldún y Conde, Calisto.
_9126048
245 1 0 _aSimila, similibus curantur ó Un clavo saca otro clavo
_b: juguete cómico en un acto y en prosa /
_carreglado del francés por Calisto Boldun y Conde.
260 _aMadrid :
_b[s.n.],
_c1863 (
_fImprenta de T. Fortanet)
300 _a34 p. ;
_c20 cm.
500 1 _aEn port.: Estrenado á beneficio de Julian Romea, en el teatro del Circo, en noviembre de 1859.
740 3 1 _aUn clavo saca otro clavo.
852 _aES-MaACL
_jF-8567(7)
_z-- Enc. pasta española, falto de la cub. original
_z-- Enc. en un vol. facticio, formando parte de la col. facticia "Teatro español moderno", vol. 20
999 _c152336
_d152336